Regulations of the Government of Fort St George, in force at the end of 1847 (Record no. 392659)

000 -LEADER
fixed length control field 00314cam a22001097a 4500
008 - FIXED-LENGTH DATA ELEMENTS--GENERAL INFORMATION
fixed length control field 180718b1848 xxu||||| |||| 00| 0 eng d
082 ## - DEWEY DECIMAL CLASSIFICATION NUMBER
Classification number A42x5452
100 ## - MAIN ENTRY--PERSONAL NAME
Personal name Madras.
245 ## - TITLE STATEMENT
Title Regulations of the Government of Fort St George, in force at the end of 1847
260 ## - PUBLICATION, DISTRIBUTION, ETC.
Place of publication, distribution, etc. Madras
Name of publisher, distributor, etc. The author
Date of publication, distribution, etc. 1848
300 ## - PHYSICAL DESCRIPTION
Extent 895p.
Holdings
Withdrawn status Lost status Damaged status Not for loan Permanent Location Current Location Date acquired Full call number Barcode Date last seen Price effective from Koha item type
        Indian Institute of Public Administration Indian Institute of Public Administration 2000-03-27 A42x5452 10406 2018-07-21 2018-07-21 Book

Powered by Koha